|
|
|
|
| LEADER |
00000nam a2200000 i 4500 |
| 001 |
IT\ICCU\RL1\0065555 |
| 003 |
ItRI |
| 005 |
20251014184200.0 |
| 008 |
210329s2020 it |||||| ||||| |||||c |
| 015 |
|
|
|2 IT
|a 2022-6146
|
| 020 |
|
|
|a 9788899389673
|
| 040 |
|
|
|b ita
|c Arcigay Viterbo
|
| 041 |
|
7 |
|a ita
|2 ISO-639-2
|
| 082 |
|
|
|a 126
|2 23
|
| 100 |
1 |
|
|a Crespi, Marco,
|d (1954- )
|0 IT\ICCU\UBOV\240907
|
| 240 |
1 |
1 |
|a Lequazione della coscienza
|9 Crespi, Marco <1954- >
|
| 245 |
1 |
2 |
|a L'equazione della coscienza, o (la metafisica ci salverà, forse) /
|c Marco Crespi ; [prefazione di Giacomo Marramao] ; [postfazione di Mario De Caro].
|
| 260 |
|
|
|a Roma :
|b La lepre,
|c 2020
|
| 300 |
|
|
|a 169 p. ;
|c 21 cm
|
| 650 |
|
7 |
|a Coscienza
|x Filosofia
|
| 700 |
1 |
|
|a Marramao, Giacomo
|0 IT\ICCU\CFIV\030814
|4 aui
|
| 700 |
1 |
|
|a De Caro, Mario,
|d (1963- )
|0 IT\ICCU\REAV\095797
|4 aft
|
| 830 |
|
0 |
|a Visioni
|0 IT\ICCU\BVE\0725716
|
| 830 |
|
0 |
|a Wu wei
|0 IT\ICCU\CFI\0796330
|
| 942 |
|
|
|2 ddc
|c BK
|n 0
|
| 952 |
|
|
|0 0
|1 0
|2 ddc
|4 0
|6 126_000000000000000_CRE_EQU
|7 0
|9 9738
|a VT
|b VT
|d 2025-10-14
|e Dono della Biblioteca Consorziale di Viterbo
|i B351
|l 0
|o 126 CRE EQU
|p B351
|r 2025-10-14 18:42:54
|w 2025-10-14
|y BK
|z Dono della Biblioteca Consorziale di Viterbo
|
| 981 |
|
1 |
|6 z01
|a i
|b xxxe
|
| 982 |
|
1 |
|6 z01
|a n
|
| 999 |
|
|
|c 8119
|d 8119
|